Gazo en feat - Statistiques

Statistiques générales
  • Ce quiz a été pris 69 fois
  • Le résultat moyen est 11 sur 20
Statistiques - réponses
Projet Titre Artiste % Correct
Drill FR Kassav Tiakola
92%
KMT Fleurs Tiakola
88%
KMT Mauvais 2x Ninho
83%
Drill FR Drill FR 5 Hamza
78%
KMT Bodies Damso
71%
Apocalypse Birthday Jul
69%
Apocalypse POP La Mano
68%
Drill FR GO Franglish
56%
Apocalypse Fiesta Morad
54%
Apocalypse Optimale Orelsan
53%
Drill FR On a Luciano
51%
Apocalypse Wemby Offset
49%
Drill FR GO Landy
47%
KMT Gra Gra Boom Skread
42%
Apocalypse Pure Codei Yamé
42%
Drill FR Cache Cou Hache P
39%
Apocalypse Selele Fally Ipupa
37%
KMT M.A.L.A M Huncho
31%
Drill FR Mon Cher Pa Salieu
20%
Drill FR Mon Cher Unknown T
12%
Aucun quiz correspondant
Distribution des résultats
% des personnes avec chaque résultat
Percentile par nombre de réponses
Votre historique - résultats
Vous n’avez pas pris ce quiz